[Event "Copenhagen CC IM"]
[Site "Ballerup"]
[Date "2021.08.06"]
[Round "5"]
[White "Lindberg, Bengt"]
[Black "Akdag, Dara Sevkan"]
[Result "1-0"]
[WhiteElo "2376"]
[BlackElo "2231"]
[PlyCount "57"]
[EventDate "2021.08.04"]
[EventType "tourn"]
[EventRounds "9"]
[EventCountry "DEN"]
[EventCategory "2"]
[SourceTitle "CBM 203 Extra"]
[Source "ChessBase"]
[SourceDate "2021.09.30"]
[SourceVersion "1"]
[SourceVersionDate "2021.09.30"]
[SourceQuality "1"]

1. e4 c5 2. Nc3 d6 3. f4 Nc6 4. Nf3 g6 5. Bb5 Bg7 6. 0-0 e6 7. d3 Nge7 8. f5 exf5 9. Qe1 h6 10. exf5 Bxf5 11. Bc4 0-0 12. Nh4 Nd4 13. Nxf5 Nexf5 14. Rf2 Qh4 15. Qf1 Rae8 16. Ne4 Be5 17. g3 Bxg3 18. Rg2 Rxe4 19. dxe4 Bxh2+ 20. Rxh2 Qg4+ 21. Rg2 Nf3+ 22. Kf2 Qxe4 23. Bd3 Qd5 24. Bxf5 Nh4 25. Bd3 Qd4+ 26. Be3 Qf6+ 27. Kg3 Qe6 28. Re2 g5 29. Bxg5 1-0

[Event "Copenhagen CC IM"]
[Site "Ballerup"]
[Date "2020.07.25"]
[Round "6"]
[White "Akdag, Dara Sevkan"]
[Black "Ingebretsen, Jens E"]
[Result "1-0"]
[WhiteElo "2244"]
[BlackElo "2182"]
[PlyCount "105"]
[EventDate "2020.07.22"]
[EventType "tourn"]
[EventRounds "9"]
[EventCountry "DEN"]
[EventCategory "2"]
[SourceTitle "CBM 197 Extra"]
[Source "ChessBase"]
[SourceDate "2020.09.30"]
[SourceVersion "1"]
[SourceVersionDate "2020.09.30"]
[SourceQuality "1"]

1. f4 d5 2. Nf3 Bg4 3. e3 Nd7 4. h3 Bxf3 5. Qxf3 Ngf6 6. Nc3 c6 7. g4 e5 8. d3 Bd6 9. g5 Ng8 10. e4 exf4 11. Bxf4 Ne5 12. Qf2 d4 13. Ne2 Qa5+ 14. Bd2 Bb4 15. Bxb4 Qxb4+ 16. Kd1 c5 17. Qf5 Nc6 18. Rb1 Nge7 19. Qf2 Qa4 20. a3 0-0 21. Nf4 Rad8 22. h4 Ne5 23. Qg3 c4 24. h5 Qc6 25. Rh2 cxd3 26. Bxd3 Qc7 27. g6 Rc8 28. gxh7+ Kh8 29. Rg2 g6 30. hxg6 fxg6 31. Ne6 Qd6 32. Nxf8 Rxf8 33. Rf2 Rc8 34. Qf4 Kg7 35. Kd2 N7c6 36. Rh1 Na5 37. h8Q+ Rxh8 38. Rxh8 Kxh8 39. Qf8+ Qxf8 40. Rxf8+ Kg7 41. Rc8 Kf6 42. Rc7 Ke6 43. b4 Kd6 44. Rg7 Nac6 45. Rxb7 g5 46. b5 Ne7 47. Rxa7 g4 48. Ke2 N7g6 49. Ra6+ Ke7 50. Rxg6 Nxg6 51. Kf2 Kf6 52. b6 Ne5 53. Bb5 1-0

[Event "Copenhagen CC IM"]
[Site "Ballerup"]
[Date "2020.07.24"]
[Round "4"]
[White "Akdag, Dara Sevkan"]
[Black "Nielsen, Viktor Haarmark"]
[Result "1/2-1/2"]
[WhiteElo "2244"]
[BlackElo "2301"]
[PlyCount "138"]
[EventDate "2020.07.22"]
[EventType "tourn"]
[EventRounds "9"]
[EventCountry "DEN"]
[EventCategory "2"]
[SourceTitle "CBM 197 Extra"]
[Source "ChessBase"]
[SourceDate "2020.09.30"]
[SourceVersion "1"]
[SourceVersionDate "2020.09.30"]
[SourceQuality "1"]

1. f4 d5 2. Nf3 g6 3. e3 Bg7 4. Be2 Nf6 5. 0-0 0-0 6. b3 Nfd7 7. Nc3 e5 8. Ba3 Re8 9. Nxd5 Nb6 10. Nxb6 axb6 11. Bb2 e4 12. Ne5 Nd7 13. Nc4 b5 14. Bxg7 Kxg7 15. Nb2 Qf6 16. Qc1 c6 17. a4 bxa4 18. Rxa4 Rxa4 19. Nxa4 b5 20. Nc3 Kg8 21. Qa3 Qe6 22. h3 Nf6 23. Qc5 Rd8 24. d4 exd3 25. Bxd3 b4 26. Nd1 Qd6 27. Qxd6 Rxd6 28. e4 Rd8 29. Kf2 Be6 30. Nb2 Ra8 31. Ke3 Kf8 32. g4 c5 33. f5 gxf5 34. gxf5 Bd7 35. Nc4 Bc6 36. Ne5 Bxe4 37. Ng4 Bxd3 38. Kxd3 Rd8+ 39. Kc4 Nxg4 40. hxg4 Rd4+ 41. Kxc5 Rxg4 42. f6 h5 43. Rf5 h4 44. Rh5 Kg8 45. Kd5 Rf4 46. Ke5 Rg4 47. Kf5 Rd4 48. Rh6 Rd5+ 49. Ke4 Rd2 50. Rxh4 Rxc2 51. Kd5 Rd2+ 52. Kc5 Rf2 53. Rxb4 Rf5+ 54. Kd6 Rxf6+ 55. Kc7 Rf1 56. Rc4 Kg7 57. b4 Rb1 58. Kc6 f5 59. b5 Kf6 60. b6 Ke5 61. b7 Rxb7 62. Kxb7 f4 63. Kb6 f3 64. Rc8 Ke4 65. Rf8 Ke3 66. Kc5 f2 67. Kd5 Ke2 68. Ke4 f1Q 69. Rxf1 Kxf1 1/2-1/2

[Event "Copenhagen CC IM"]
[Site "Ballerup"]
[Date "2020.07.24"]
[Round "5"]
[White "Brynell, Stellan"]
[Black "Akdag, Dara Sevkan"]
[Result "1-0"]
[WhiteElo "2414"]
[BlackElo "2244"]
[PlyCount "45"]
[EventDate "2020.07.22"]
[EventType "tourn"]
[EventRounds "9"]
[EventCountry "DEN"]
[EventCategory "2"]
[SourceTitle "CBM 197 Extra"]
[Source "ChessBase"]
[SourceDate "2020.09.30"]
[SourceVersion "1"]
[SourceVersionDate "2020.09.30"]
[SourceQuality "1"]

1. d4 c5 2. d5 Nf6 3. Nf3 d6 4. Nc3 g6 5. e4 Bg7 6. Bb5+ Nbd7 7. a4 0-0 8. 0-0 Rb8 9. Re1 Nb6 10. h3 Nh5 11. Be3 e5 12. dxe6 Bxe6 13. Qd2 a6 14. Bf1 Qc7 15. Bh6 Nf6 16. Bxg7 Kxg7 17. Ng5 Bd7 18. a5 Nc8 19. Nd5 Qd8 20. Qc3 Rh8 21. Re3 h6 22. Rf3 hxg5 23. Nxf6 1-0

[Event "Copenhagen Challenge"]
[Site "Ballerup"]
[Date "2017.05.14"]
[Round "8"]
[White "Akdag, Dara Sevkan"]
[Black "Dahl, Trygve"]
[Result "1/2-1/2"]
[WhiteElo "2240"]
[BlackElo "2169"]
[PlyCount "128"]
[EventDate "2017.05.10"]
[EventType "swiss"]
[EventRounds "9"]
[EventCountry "DEN"]
[SourceTitle "CBM 178 Extra"]
[Source "ChessBase"]
[SourceDate "2017.06.22"]
[SourceVersion "1"]
[SourceVersionDate "2017.06.22"]
[SourceQuality "1"]

1. Nf3 Nf6 2. d4 g6 3. c4 Bg7 4. Nc3 0-0 5. e4 d6 6. h3 c5 7. d5 Na6 8. Be2 Nc7 9. 0-0 Rb8 10. Bf4 Nd7 11. Re1 Ne5 12. Nd2 f5 13. exf5 Bxf5 14. Bg3 e6 15. Nf3 Nxf3+ 16. Bxf3 Bxc3 17. bxc3 e5 18. a4 b6 19. Be4 Ne8 20. f4 exf4 21. Bxf4 Qh4 22. Qd2 Bxe4 23. Bg5 Qg3 24. Rxe4 Nf6 25. Re6 Nh5 26. Qe3 Qxe3+ 27. Rxe3 Rfe8 28. Rae1 Ng7 29. Re7 a6 30. Bf4 Rxe7 31. Rxe7 Ne8 32. Kf1 h5 33. Ke2 b5 34. cxb5 axb5 35. axb5 Kf8 36. Re6 Rxb5 37. Rxg6 c4 38. Rg5 Nf6 39. Bxd6+ Kf7 40. Bb4 Nxd5 41. h4 Nf4+ 42. Kf3 Rxg5 43. hxg5 Ne6 44. Ke4 Kg6 45. Be7 Nxg5+ 46. Kd5 h4 47. Kxc4 h3 48. gxh3 Nxh3 49. Kd4 Kf5 50. Kd5 Nf4+ 51. Kd6 Ke4 52. c4 Nd3 53. Bf6 Kf5 54. Bg7 Kg6 55. Bc3 Kf5 56. Kd5 Nf4+ 57. Kd6 Nd3 58. Bd4 Ke4 59. Bg1 Kf5 60. Be3 Nb2 61. c5 Nc4+ 62. Kd7 Nxe3 63. c6 Nd5 64. c7 Nxc7 1/2-1/2

[Event "Copenhagen Challenge"]
[Site "Ballerup"]
[Date "2017.05.11"]
[Round "2"]
[White "Pfreundt, Jakob"]
[Black "Akdag, Dara Sevkan"]
[Result "1-0"]
[WhiteElo "2388"]
[BlackElo "2240"]
[PlyCount "121"]
[EventDate "2017.05.10"]
[EventType "swiss"]
[EventRounds "9"]
[EventCountry "DEN"]
[SourceTitle "CBM 178 Extra"]
[Source "ChessBase"]
[SourceDate "2017.06.22"]
[SourceVersion "1"]
[SourceVersionDate "2017.06.22"]
[SourceQuality "1"]

1. Nf3 Nf6 2. b3 d5 3. Bb2 e6 4. c4 Be7 5. g3 c5 6. Bg2 Nc6 7. e3 dxc4 8. bxc4 Qd3 9. Na3 e5 10. Qe2 Qf5 11. d3 0-0 12. Nh4 Qg5 13. h3 Ne8 14. Nf3 Qh5 15. Nxe5 Qh6 16. Be4 Nxe5 17. Bxe5 Qa6 18. Nb5 Nd6 19. Nxd6 Bxd6 20. Bc3 Be7 21. Qh5 f5 22. Bd5+ Be6 23. Bxe6+ Qxe6 24. Qf3 Rad8 25. Rd1 Qa6 26. Rd2 b5 27. cxb5 Qxb5 28. Qe2 Bf6 29. Bxf6 Rxf6 30. 0-0 Rfd6 31. Rfd1 Rd5 32. Kg2 Qa6 33. Rc2 Qb5 34. Rdc1 f4 35. exf4 Rxd3 36. Qe6+ Kh8 37. Rxc5 Qb7+ 38. Qc6 Qb2 39. R5c2 Qd4 40. Qb7 h6 41. Rc8 Kh7 42. Rxd8 Qxd8 43. Rc7 Qd4 44. Re7 Rd2 45. Qb1+ Kg8 46. Re8+ Kf7 47. Qe1 Rxf2+ 48. Qxf2 Qxf2+ 49. Kxf2 Kxe8 50. Ke3 Ke7 51. Ke4 Kf6 52. g4 Ke6 53. Kd4 Kd6 54. f5 Kd7 55. Kd5 Ke7 56. Ke5 Kf7 57. h4 Ke7 58. g5 hxg5 59. hxg5 a5 60. a4 Kf7 61. Kd6 1-0

[Event "DEN-ch cand"]
[Site "Skorping"]
[Date "2017.04.14"]
[Round "4"]
[White "Thogersen, Rasmus"]
[Black "Akdag, Dara Sevkan"]
[Result "1/2-1/2"]
[WhiteElo "2208"]
[BlackElo "2235"]
[PlyCount "95"]
[EventDate "2017.04.11"]
[EventType "swiss"]
[EventRounds "7"]
[EventCountry "DEN"]
[SourceTitle "EXT 2018"]
[Source "ChessBase"]
[SourceDate "2017.10.13"]
[SourceVersion "1"]
[SourceVersionDate "2017.10.13"]
[SourceQuality "1"]

1. e4 c5 2. Nf3 d6 3. Bb5+ Nd7 4. 0-0 Ngf6 5. Re1 a6 6. Bd3 b5 7. c4 g5 8. Nxg5 Ne5 9. Bf1 bxc4 10. f4 Nd3 11. Bxd3 cxd3 12. Qb3 d5 13. Qxd3 h6 14. e5 c4 15. Qd4 hxg5 16. exf6 e6 17. Nc3 Bb7 18. Kh1 Qc7 19. d3 Bc5 20. Qe5 Bd6 21. Qxg5 0-0-0 22. Qg3 Rdg8 23. Qf3 Bb4 24. d4 Qd8 25. Be3 Qxf6 26. Rec1 Qh4 27. Bg1 Rg3 28. Qf1 Bd6 29. Ne2 Rg4 30. Rc3 Qf6 31. Qf3 Rhg8 32. g3 Qf5 33. b3 f6 34. h3 R4g7 35. g4 Qh7 36. Bh2 e5 37. Rac1 exd4 38. Nxd4 Bc5 39. Rd1 Re7 40. f5 Re4 41. Qxe4 dxe4 42. Rxc4 e3+ 43. Kg1 Qe7 44. Rdc1 Qe4 45. Rxc5+ Kd7 46. Rc7+ Ke8 47. Rc8+ Bxc8 48. Rxc8+ 1/2-1/2

[Event "Copenhagen Bronshoj op"]
[Site "Copenhagen"]
[Date "2017.02.14"]
[Round "5"]
[White "Akdag, Dara Sevkan"]
[Black "Reimanis, Ritvars"]
[Result "1/2-1/2"]
[WhiteElo "2188"]
[BlackElo "2261"]
[PlyCount "109"]
[EventDate "2017.02.10"]
[EventType "swiss"]
[EventRounds "7"]
[EventCountry "DEN"]
[SourceTitle "CBM 176 Extra"]
[Source "ChessBase"]
[SourceDate "2017.03.02"]
[SourceVersion "1"]
[SourceVersionDate "2017.03.02"]
[SourceQuality "1"]

1. d4 Nf6 2. Nc3 d5 3. Bf4 a6 4. e3 e6 5. a3 c5 6. Nf3 Nc6 7. Bd3 Be7 8. dxc5 Bxc5 9. 0-0 0-0 10. e4 Be7 11. Re1 dxe4 12. Nxe4 Nd5 13. Bg5 h6 14. Bxe7 Qxe7 15. c4 Nf4 16. Bc2 Rd8 17. Qc1 e5 18. Ng3 Qf6 19. Qe3 Be6 20. Qe4 g6 21. b4 Rac8 22. Rad1 Rxd1 23. Rxd1 Qg7 24. Ba4 f6 25. Rd6 Rd8 26. c5 Rxd6 27. cxd6 Qd7 28. Bxc6 bxc6 29. Nxe5 fxe5 30. Qxe5 g5 31. Ne4 Qa7 32. g3 Qd4 33. Qxd4 Ne2+ 34. Kg2 Nxd4 35. d7 Bxd7 36. Nf6+ Kg7 37. Nxd7 Nc2 38. Nb8 Nxa3 39. Nxc6 Nc2 40. Kf3 Kf6 41. Ke4 h5 42. Kd3 Ne1+ 43. Ke2 Nc2 44. Kd2 Na3 45. Nb8 a5 46. bxa5 Nc4+ 47. Kd3 Nxa5 48. Ke4 Nc4 49. Nd7+ Ke6 50. Nc5+ Kf6 51. Nd3 Nd2+ 52. Kd5 Nf3 53. h3 Kf5 54. Nc5 Nh2 55. g4+ 1/2-1/2

[Event "Copenhagen Bronshoj op"]
[Site "Copenhagen"]
[Date "2017.02.12"]
[Round "3"]
[White "Akdag, Dara Sevkan"]
[Black "Haubro, Martin"]
[Result "1-0"]
[WhiteElo "2188"]
[BlackElo "2351"]
[PlyCount "115"]
[EventDate "2017.02.10"]
[EventType "swiss"]
[EventRounds "7"]
[EventCountry "DEN"]
[SourceTitle "CBM 176 Extra"]
[Source "ChessBase"]
[SourceDate "2017.03.02"]
[SourceVersion "1"]
[SourceVersionDate "2017.03.02"]
[SourceQuality "1"]

1. d4 Nf6 2. c4 e6 3. Nc3 Bb4 4. Qc2 c5 5. e3 Nc6 6. Nf3 d5 7. a3 Bxc3+ 8. bxc3 0-0 9. Be2 dxc4 10. Bxc4 Qc7 11. 0-0 e5 12. Bb5 e4 13. Nd2 Ng4 14. g3 f5 15. Be2 h5 16. a4 Rf6 17. Nb3 b6 18. h3 Nh6 19. Bxh5 c4 20. Nd2 Be6 21. Kh2 Nf7 22. Be2 Rh6 23. Rh1 Ne7 24. Ba3 Ng6 25. Kg2 Bd5 26. f4 exf3+ 27. Bxf3 Bxf3+ 28. Nxf3 Ne7 29. e4 Nd6 30. e5 Ne4 31. Bxe7 Qxe7 32. Nd2 Nxd2 33. Qxd2 Qb7+ 34. d5 Rf8 35. Rhf1 Qd7 36. Rad1 Qxa4 37. e6 Qe8 38. Qf4 Qh5 39. h4 Rg6 40. Rd4 Qe2+ 41. Rf2 Qe1 42. Qf3 b5 43. Re2 Rxg3+ 44. Qxg3 Qxe2+ 45. Qf2 Qe5 46. Rd2 f4 47. Qf3 Qd6 48. Re2 a5 49. e7 Re8 50. Re6 Qd7 51. Qe4 a4 52. d6 f3+ 53. Kxf3 a3 54. Qd5 Kh8 55. Qh5+ Kg8 56. Qxe8+ Qxe8 57. d7 Qf7+ 58. Kg3 1-0

[Event "Odense-chB"]
[Site "Odense"]
[Date "2016.10.16"]
[Round "5"]
[White "Akdag, Dara Sevkan"]
[Black "Rossen, Claus"]
[Result "0-1"]
[WhiteElo "2213"]
[BlackElo "2155"]
[PlyCount "108"]
[EventDate "2016.10.14"]
[EventType "tourn"]
[EventRounds "5"]
[EventCountry "DEN"]
[SourceTitle "EXT 2018"]
[Source "ChessBase"]
[SourceDate "2017.10.13"]
[SourceVersion "1"]
[SourceVersionDate "2017.10.13"]
[SourceQuality "1"]

1. d4 Nf6 2. c4 g6 3. Nc3 d5 4. Nf3 Bg7 5. Bg5 Ne4 6. Bh4 Nxc3 7. bxc3 dxc4 8. Qa4+ Qd7 9. Qxc4 b6 10. e3 Ba6 11. Qb3 Bxf1 12. Kxf1 0-0 13. Ke2 Nc6 14. Rhd1 Rfe8 15. Bg3 Rac8 16. Qb5 Red8 17. c4 Na5 18. Rac1 Qxb5 19. cxb5 c6 20. bxc6 Nxc6 21. a3 Na5 22. Nd2 f6 23. Rc7 Rxc7 24. Bxc7 Rd7 25. Bg3 b5 26. Rc1 e5 27. dxe5 fxe5 28. Rc8+ Kf7 29. Ne4 Nc4 30. a4 Nb6 31. Rc5 bxa4 32. Bxe5 Bxe5 33. Rxe5 Nd5 34. Nc5 Nc3+ 35. Kf3 Re7 36. Rxe7+ Kxe7 37. Nd3 a3 38. Ne1 Kd6 39. Nc2 a2 40. Kf4 Kd5 41. Na1 Kc4 42. e4 Kd3 43. e5 Nd5+ 44. Kf3 g5 45. h4 gxh4 46. Kg4 Ke4 47. e6 Ke5 48. Kxh4 Kxe6 49. Kg5 Ke5 50. g3 Kd4 51. Kf5 Kc3 52. Ke4 Nf6+ 53. Ke3 Ng4+ 54. Ke2 Nxf2 0-1

[Event "Amager AMSF Master"]
[Site "Amager"]
[Date "2016.09.27"]
[Round "5"]
[White "Akdag, Dara Sevkan"]
[Black "Hoi, Carsten"]
[Result "0-1"]
[WhiteElo "2213"]
[BlackElo "2400"]
[PlyCount "54"]
[EventDate "2016.08.16"]
[EventType "tourn"]
[EventRounds "7"]
[EventCountry "DEN"]
[SourceTitle "EXT 2023"]
[Source "ChessBase"]
[SourceDate "2022.10.05"]
[SourceVersion "1"]
[SourceVersionDate "2022.10.05"]
[SourceQuality "1"]

1. d4 g6 2. Nc3 Bg7 3. Nf3 d6 4. Bg5 Nf6 5. Qd2 h6 6. Bf4 c6 7. h3 Nbd7 8. g4 b5 9. g5 b4 10. Na4 Ne4 11. Qe3 hxg5 12. Nxg5 Nxg5 13. Bxg5 Nf6 14. Bg2 Bd7 15. b3 Rc8 16. Nb2 0-0 17. Nd3 Qa5 18. 0-0 Nd5 19. Bxd5 Qxd5 20. Nxb4 Qxd4 21. Qxd4 Bxd4 22. Rac1 f6 23. c3 Bb6 24. Bf4 Bxh3 25. Rfd1 Kf7 26. Rd3 Bf5 27. Rd2 Be4 0-1

[Event "Helsingor Xtracon op"]
[Site "Helsingor"]
[Date "2016.07.31"]
[Round "10"]
[White "Akdag, Dara Sevkan"]
[Black "Haubro, Martin"]
[Result "0-1"]
[WhiteElo "2213"]
[BlackElo "2370"]
[PlyCount "56"]
[EventDate "2016.07.23"]
[EventType "swiss"]
[EventRounds "10"]
[EventCountry "DEN"]
[SourceTitle "CBM 173 Extra"]
[Source "ChessBase"]
[SourceDate "2016.08.29"]
[SourceVersion "1"]
[SourceVersionDate "2016.08.29"]
[SourceQuality "1"]

1. d4 Nf6 2. c4 e6 3. Nf3 b6 4. g3 Bb7 5. Bg2 Be7 6. Nc3 Ne4 7. Qd3 Nxc3 8. Qxc3 0-0 9. 0-0 f5 10. Ne5 Bxg2 11. Kxg2 Bf6 12. Qf3 Na6 13. Qa3 d6 14. Nd3 Qc8 15. Be3 c5 16. d5 e5 17. Rab1 Nc7 18. b4 e4 19. Nf4 g5 20. Nh5 f4 21. gxf4 Qg4+ 22. Ng3 gxf4 23. f3 exf3+ 24. exf3 Qh4 25. bxc5 fxg3 26. hxg3 Qxc4 27. Rbc1 Qxd5 28. Rfd1 Qxf3+ 0-1

[Event "Helsingor Xtracon op"]
[Site "Helsingor"]
[Date "2016.07.28"]
[Round "7"]
[White "Akdag, Dara Sevkan"]
[Black "Machlik, Edit"]
[Result "1-0"]
[WhiteElo "2213"]
[BlackElo "2090"]
[PlyCount "43"]
[EventDate "2016.07.23"]
[EventType "swiss"]
[EventRounds "10"]
[EventCountry "DEN"]
[SourceTitle "CBM 173 Extra"]
[Source "ChessBase"]
[SourceDate "2016.08.29"]
[SourceVersion "1"]
[SourceVersionDate "2016.08.29"]
[SourceQuality "1"]

1. Nf3 Nf6 2. c4 e6 3. Nc3 Bb4 4. g3 0-0 5. Bg2 b6 6. Qb3 Bxc3 7. Qxc3 Bb7 8. 0-0 d6 9. b3 c5 10. Bb2 Nbd7 11. d4 Qc7 12. Rad1 Rfd8 13. d5 exd5 14. cxd5 Re8 15. Rfe1 b5 16. Nh4 a5 17. Nf5 Ra6 18. Qd2 h6 19. g4 Qd8 20. g5 hxg5 21. Qxg5 g6 22. Rd3 1-0

[Event "Helsingor Xtracon op"]
[Site "Helsingor"]
[Date "2016.07.26"]
[Round "5"]
[White "Akdag, Dara Sevkan"]
[Black "Degraeve, Jean Marc"]
[Result "0-1"]
[WhiteElo "2213"]
[BlackElo "2579"]
[PlyCount "74"]
[EventDate "2016.07.23"]
[EventType "swiss"]
[EventRounds "10"]
[EventCountry "DEN"]
[SourceTitle "CBM 173 Extra"]
[Source "ChessBase"]
[SourceDate "2016.08.29"]
[SourceVersion "1"]
[SourceVersionDate "2016.08.29"]
[SourceQuality "1"]

1. Nf3 c5 2. c4 Nc6 3. Nc3 g6 4. g3 Bg7 5. Bg2 d6 6. 0-0 e5 7. a3 Nge7 8. Rb1 a5 9. Ne1 Be6 10. d3 0-0 11. Nc2 Rb8 12. Ne3 Nd4 13. Ned5 Nxd5 14. Nxd5 Bg4 15. Re1 b5 16. cxb5 Rxb5 17. b4 cxb4 18. axb4 Be6 19. e3 Bxd5 20. Bxd5 Rxd5 21. exd4 Rxd4 22. b5 Qd7 23. Be3 Rb4 24. Rxb4 axb4 25. Qa4 Rb8 26. Rc1 h5 27. Rc6 b3 28. Bc1 e4 29. d4 h4 30. Ba3 h3 31. Kf1 Qf5 32. Qxb3 Rxb5 33. Qe3 Rb1+ 34. Rc1 Rxc1+ 35. Bxc1 Qb5+ 36. Ke1 Qb4+ 37. Ke2 Qc4+ 0-1

[Event "Copenhagen Bronshoj op"]
[Site "Copenhagen"]
[Date "2016.??.??"]
[Round "2"]
[White "Akdag, Dara Sevkan"]
[Black "Griffith, Kyron"]
[Result "1-0"]
[WhiteElo "2182"]
[BlackElo "2315"]
[PlyCount "109"]
[EventDate "2016.02.12"]
[EventType "swiss"]
[EventRounds "7"]
[EventCountry "DEN"]
[SourceTitle "CBM 170 Extra"]
[Source "ChessBase"]
[SourceDate "2016.02.25"]
[SourceVersion "1"]
[SourceVersionDate "2016.02.25"]
[SourceQuality "1"]

1. d4 d5 2. c4 e6 3. Nc3 c5 4. cxd5 exd5 5. Nf3 Nc6 6. g3 Nf6 7. Bg2 Be7 8. 0-0 0-0 9. dxc5 Bxc5 10. Bg5 d4 11. Bxf6 Qxf6 12. Ne4 Qe7 13. Nxc5 Qxc5 14. Qd2 Bf5 15. Qf4 Bg6 16. Rac1 Qb6 17. Qd2 Rfe8 18. Rfe1 Rad8 19. Nh4 a5 20. Nxg6 hxg6 21. Bxc6 bxc6 22. Rc4 Rd5 23. b3 Re6 24. Rec1 Rde5 25. R1c2 c5 26. Qd3 Qd6 27. Qf3 Re8 28. Ra4 Rf5 29. Qb7 Qf6 30. Qb5 Rd8 31. Qxa5 c4 32. Qa6 Rd6 33. Qxc4 g5 34. Ra8+ Kh7 35. Qd3 g4 36. Rc5 g6 37. Rxf5 gxf5 38. Rc8 Kg7 39. b4 Qe6 40. Rc2 Qd5 41. a4 Qe4 42. a5 Kf6 43. b5 Rd5 44. Rb2 Qe5 45. a6 Rc5 46. b6 Rc1+ 47. Kg2 Qd5+ 48. f3 Rc3 49. Rb5 gxf3+ 50. Kf2 Qe4 51. Rxf5+ Kxf5 52. Qxe4+ Kxe4 53. a7 Ra3 54. b7 Rxa7 55. b8Q 1-0